| 000 -ლიდერი |
| ფიქსირებული სიგრძის საკონტროლო ველი |
01501nam a2200253Ia 4500 |
| 001 - საკონტროლო ნომერი |
| საკონტროლო ველი |
17946 |
| 003 - საკონტროლო ნომრის იდენტიფიკატორი |
| საკონტროლო ველი |
GE_BSU |
| 005 - ბოლო ოპერაციის თარიღი და დრო |
| საკონტროლო ველი |
20200302101628.0 |
| 008 - ფიქსირებული სიგრძის მონაცემთა ელემენტები - ზოგადი ინფორმაცია |
| ფიქსირებული სიგრძის საკონტროლო ველი |
181216s1976ge xx |||||||||||||| ||geo|| |
| 040 ## - კატალოგიზაციის წყარო |
| Transcribing agency |
GE_BSU |
| 041 ## - ენის კოდი |
| Language code of text/sound track or separate title |
geo |
| 080 ## - უნივერსალური ათობითი კლასიფიკაციის ინდექსი |
| Universal Decimal Classification number |
811.352.2'342 ლ-81 |
| 100 ## - მთავარი ჩანაწერი - პიროვნების სახელი |
| Personal name |
ლომთათიძე, ქ. |
| 9 (RLIN) |
2924 |
| 245 ## - ცნობა სათაურის შესახებ |
| Title |
აფხაზური და აბაზური ენების ისტორიულ-შედარებითი ანალიზი : |
| Remainder of title |
ნ.1 :ფონოლოგიური სისტემა და ფონეტიკური პროცესები / |
| Statement of responsibility, etc |
ქ. ლომთათიძე ; მხატვ. გ. ნადირაძე. |
| 260 ## - გამოქვეყნების, გავრცელების, და სხვა. ცნობები |
| Place of publication, distribution, etc |
თბილისი |
| 264 ## - წარმოების, გამოცემის, დისტრიბუციის და სხვა ცნობები |
| გამოცემის, წარმოების, დისტრიბუციის... ადგილი |
თბილისი : |
| გამოცემის, წარმოების, დისტრიბუციის... სახელწოდება |
მეცნიერება, |
| გამოცემის, წარმოების, დისტრიბუციის... თარიღი |
1976. |
| 300 ## - ფიზიკური აღწერა |
| Extent |
344 გვ.: |
| Other physical details |
საძიებელი: გვ. 311-340. |
| Dimensions |
21 სმ. |
| 520 ## - SUMMARY, ETC. |
| Summary, etc |
რეზ. რუს. ენ. |
| 653 ## - INDEX TERM--UNCONTROLLED |
| Uncontrolled term |
აფხაზური და აბაზური ენების ისტორიულ-შედარებითი ანალიზი |
| 653 ## - INDEX TERM--UNCONTROLLED |
| Uncontrolled term |
აფხაზური ენის ფონეტიკა; აბაზური ენის ფონეტიკა |
| 653 ## - INDEX TERM--UNCONTROLLED |
| Uncontrolled term |
ფონოლოგიური სისტემა და ფონეტიკური პროცესები. |
| 700 ## - ADDED ENTRY--PERSONAL NAME |
| Personal name |
ნადირაძე, გ |
| Relator term |
მხატვარი |
| 9 (RLIN) |
7656 |
| 942 ## - ADDED ENTRY ELEMENTS (KOHA) |
| Koha item type |
წიგნი |
| Source of classification or shelving scheme |
|